000 00333nam a2200133 i 4500
001 bg
245 0 _aShock and Vibration Handbook /
_cby Cyril M. Harris, Charles E. Grede.
250 _aSecond Edition.
260 _aNew York,
_c1976.
040 _cBPK
041 _apol
942 _cKS
008 s pl f |000 0 pol
999 _c19272
_d19272
856 _uhttp://koha.tu.koszalin.pl/cgi-bin/koha/opac-detail.pl?biblionumber=19272
_yKatalog online BPK